000
00306nam a2200121Ia 4500
005
20260326235501.0
008
260326s9999||||xx |||||||||||||| ||und||
100
_a
Christians, Lutz
245
0
_a
Architektur und atadtgestalt in Kairo /
_c
Lutz Christians
300
_a
423 p.
650
_a
AFRICA
942
_c
BK
999
_c
8067
_d
8067